Contemporary Business Mathematics with Canadian Application (Record no. 4925)

MARC details
005 - DATE AND TIME OF LATEST TRANSACTION
control field 20250625065333.0
020 ## - INTERNATIONAL STANDARD BOOK NUMBER
International Standard Book Number 978-0-13-714149-4
082 ## - DEWEY DECIMAL CLASSIFICATION NUMBER
Classification number 650.1 HUM
100 ## - MAIN ENTRY--PERSONAL NAME
Author name HUMMELBRUNNER, S. A.
245 ## - TITLE STATEMENT
Title Contemporary Business Mathematics with Canadian Application
250 ## - EDITION STATEMENT
Edition statement 8th Ed.
260 ## - PUBLICATION, DISTRIBUTION, ETC.
Place of publication, distribution, etc. New York,
Name of publisher, distributor, etc. Perason,
Date of publication, distribution, etc. 2009.
300 ## - PHYSICAL DESCRIPTION
Extent x,778p.; ill.; table, figure
Other physical details Appendix & Index
Dimensions 25cm.
700 ## - ADDED ENTRY--PERSONAL NAME
Other authors/Editors COOMBS, K. S.
942 ## - ADDED ENTRY ELEMENTS (KOHA)
Source of classification or shelving scheme Dewey Decimal Classification
Koha item type Books
Holdings
Date last seen Total checkouts Full call number Barcode Cost, replacement price Price effective from Koha item type Lost status Source of classification or shelving scheme Damaged status Not for loan Withdrawn status Home library Current library Shelving location Date acquired Cost, normal purchase price
06/25/2025   650.01 HUM DOM000959 255000.00 06/25/2025 Books   Dewey Decimal Classification       CBE Dodoma CBE Dodoma General Collection 05/26/2015 85000.00
06/25/2025   650.01 HUM DOM000960 255000.00 06/25/2025 Books   Dewey Decimal Classification       CBE Dodoma CBE Dodoma General Collection 05/26/2015 85000.00
06/25/2025   650 .01 HUM DOM000962 255000.00 06/25/2025 Books   Dewey Decimal Classification       CBE Dodoma CBE Dodoma General Collection 05/26/2015 85000.00
06/25/2025   650 .01 HUM DOM000961 255000.00 06/25/2025 Books   Dewey Decimal Classification       CBE Dodoma CBE Dodoma General Collection 05/26/2015 85000.00